00622nam a2200193 a 450000100060000000300080000600500170001400800410003103500190007204000330009104100080012408200270013210000570015924500710021626000540028730000210034150400360036265000300039849770BD-RjUL20211209054728.0160822s1937 enk 000 0 eng  a(BD-RjUL)49890 aDLCcKyREdDLCdBD-RjULbeng aeng 223a371.9562bBEG 19371 aBeales, A. C. F.q(Arthur Charles Frederick),d1905-12aA guide to the teaching of history in schoolscby A. C. F. Beales  aLondon :bUniversity of London press, ltd.,c1937 a128 p. ;c19 cm. aIncludes Bibliography and Index aSpecific teaching Methods